000 02019nam a2200469 i 4500
001 197660
003 ES-MaACL
005 20250805062656.0
007 ta
008 140730s2004 ku a | |||| 000 0 spa
020 _a0500976392
035 _a(OCoLC)1026189780
035 _a(SpMaBN)a5519989
035 _a991046745069708606
040 _aSpMaBN
_bspa
_cSpMaBN
_erdc
080 _a739.2(540)(083.824)
100 1 _aKeene, Manuel,
_d1941-
_eaut
_9241051
240 1 0 _aTreasury of the World
_lEspañol
245 1 0 _aTesoro del mundo :
_bel arte de la joyería en la India mogola : The Al-Sabah Collection /
_cManuel Keene, con Salam Kaoukji
260 _aKuwait :
_bDar al-Athar al-Islamiyyah, Kuwait National Museum, en colaboración con Thames & Hudson,
_ccop. 2004
300 _a160 páginas :
_bilustrado a color ;
_c28 cm
336 _aTexto (visual)
_2isbdcontent
337 _asin mediación
_2isbdmedia
338 _2rdacarrier
_avolumen
500 _aPublicado con motivo de la exposición itinerante homónima
504 _aBibliografía: p. [158]-160
594 _aTítulo original: Treasury of the World
600 7 _aSabah, Nasser Sabah al-Ahmad-
_xColecciones de arte-
_vExposiciones
_2embne
_9241052
600 1 7 _aSabah, Hussah Sabah al-Salim-
_xColecciones de arte-
_vExposiciones
_2embne
_9241053
650 7 _aJoyas-
_zIndia-
_vExposiciones
_2embne
_9241054
655 7 _2tgfbne
_9193628
_aCatálogos de exposiciones
700 1 _aKaoukji, Salam
_eaut
_9241055
700 1 _aSabah, Nasser Sabah al-Ahmad
_eaui
_9241056
700 1 _aSabah, Hussah Sabah al-Salim
_9241057
852 _aES-MaACL
_cDEPO1
_jA-15737
_hDonación: Fernando Codina Rodríguez
_xEncuadernación rústica
_9206095
903 _aCodina Rodríguez, Fernando
_ednr
_9238631
942 _n0
_cMONOGRAFIA
999 _c197660
_d197660